[Event "IX Gyorgy Marx WGM"]
[Site "Paks HUN"]
[Date "2011.06.17"]
[Round "1"]
[White "Mkrtchian, Lilit"]
[Black "Madl, Ildiko"]
[Result "1-0"]
[WhiteElo "2468"]
[BlackElo "2405"]
[PlyCount "51"]
[EventDate "2011.06.17"]

1. d4 d5 2. c4 c6 3. Nf3 Nf6 4. Nc3 e6 5. Bg5 Nbd7 6. e3 Qa5 7. cxd5 Nxd5 8.
Rc1 Bb4 9. a3 Bxc3+ 10. bxc3 h6 11. Bh4 b6 12. Nd2 Nxc3 13. Qc2 Nd5 14. Qxc6
O-O 15. Qxa8 Qxa3 16. Rxc8 Nc3 17. Rxf8+ Nxf8 18. f3 Qc1+ 19. Kf2 Qxd2+ 20. Kg1
g5 21. Bg3 Qxe3+ 22. Bf2 Qc1 23. h3 a5 24. Kh2 Qf4+ 25. Bg3 Qxd4 26. Qb8 1-0

[Event "IX Gyorgy Marx WGM"]
[Site "Paks HUN"]
[Date "2011.06.17"]
[Round "1"]
[White "Kashlinskaya, Alina"]
[Black "Dudas, Eszter"]
[Result "1-0"]
[WhiteElo "2360"]
[BlackElo "2194"]
[PlyCount "69"]
[EventDate "2011.06.17"]

1. d4 d5 2. c4 c6 3. Nc3 Nf6 4. Nf3 dxc4 5. a4 Bf5 6. Ne5 Nbd7 7. Nxc4 Qc7 8.
g3 e5 9. dxe5 Nxe5 10. Bf4 Nfd7 11. Bg2 g5 12. Ne3 gxf4 13. Nxf5 O-O-O 14. O-O
Nc5 15. Qc2 Ne6 16. a5 Kb8 17. a6 b6 18. Rac1 fxg3 19. hxg3 h5 20. Nb5 Qc8 21.
Qe4 f6 22. Nfd4 Nc5 23. Qf4 Bd6 24. Nxc6+ Nxc6 25. Nxd6 Qc7 26. Nf7 Qxf4 27.
gxf4 Nd4 28. Rfe1 Rhe8 29. Nxd8 Rxd8 30. e3 Ndb3 31. Red1 Rxd1+ 32. Rxd1 Nxa6
33. Rd6 Nac5 34. Rxf6 Nd3 35. e4 1-0

[Event "IX Gyorgy Marx WGM"]
[Site "Paks HUN"]
[Date "2011.06.18"]
[Round "2"]
[White "Sharevich, Anna"]
[Black "Dudas, Eszter"]
[Result "1-0"]
[WhiteElo "2378"]
[BlackElo "2194"]
[PlyCount "99"]
[EventDate "2011.06.17"]

1. d4 d5 2. c4 c6 3. Nf3 Nf6 4. Qc2 dxc4 5. Qxc4 Bf5 6. g3 Nbd7 7. Bg2 e6 8.
O-O Be7 9. e3 O-O 10. Rd1 Ne4 11. Nfd2 Ndf6 12. Nc3 Nxc3 13. bxc3 Rc8 14. e4
Bg6 15. Qe2 Qc7 16. Nc4 b5 17. Bf4 Qb7 18. Ne5 Nd7 19. Nd3 Rfd8 20. h4 h6 21.
Rab1 Nb6 22. Ne5 Bd6 23. Nxg6 fxg6 24. Bxd6 Rxd6 25. e5 Rdd8 26. Qg4 Qf7 27.
Be4 Rf8 28. Rf1 Nc4 29. Bxg6 Qf3 30. Qxf3 Rxf3 31. Rbc1 c5 32. Bh5 Rff8 33. Bg4
Rc6 34. Rfd1 Rd8 35. dxc5 Rxd1+ 36. Rxd1 Nxe5 37. Rd6 Rxd6 38. cxd6 Kf7 39. Be2
a6 40. f4 Nd7 41. Kf2 e5 42. c4 b4 43. fxe5 a5 44. Ke3 Nxe5 45. Kd4 Ke6 46. c5
Nc6+ 47. Kc4 a4 48. Bg4+ Ke5 49. Bd1 a3 50. Ba4 1-0

[Event "IX Gyorgy Marx WGM"]
[Site "Paks HUN"]
[Date "2011.06.18"]
[Round "2"]
[White "Madl, Ildiko"]
[Black "Kashlinskaya, Alina"]
[Result "1-0"]
[WhiteElo "2405"]
[BlackElo "2360"]
[PlyCount "119"]
[EventDate "2011.06.17"]

1. e4 e5 2. Nf3 Nc6 3. Bb5 a6 4. Ba4 Nf6 5. O-O Be7 6. Re1 b5 7. Bb3 d6 8. c3
O-O 9. h3 Nb8 10. d4 Nbd7 11. Nbd2 Bb7 12. Bc2 Re8 13. a4 Bf8 14. Bd3 c6 15. b3
g6 16. Bb2 exd4 17. cxd4 d5 18. axb5 axb5 19. Rxa8 Bxa8 20. e5 Nh5 21. Qc2 Nf4
22. Bf1 Qb6 23. g3 Ne6 24. Qd3 Bb7 25. h4 Ra8 26. Ng5 Nxg5 27. hxg5 Ra2 28. e6
fxe6 29. Bh3 Qd8 30. Bxe6+ Kh8 31. Qb1 Ra8 32. Nf3 Bg7 33. Qc1 Nf8 34. Bg4 Bc8
35. Bxc8 Qxc8 36. Kg2 Qd7 37. Qe3 Ra2 38. Bc3 Qf5 39. Bb4 Kg8 40. Bc5 Qf7 41.
Qe8 h6 42. Qxf7+ Kxf7 43. Re7+ Kg8 44. gxh6 Bxh6 45. Ne5 Ra8 46. Nxc6 Nh7 47.
Ra7 Rxa7 48. Nxa7 Nf6 49. Nxb5 Kf7 50. Nc7 Bc1 51. b4 Ne4 52. Nxd5 Ke8 53. Kf3
Nd2+ 54. Ke2 Ne4 55. g4 Kd7 56. f3 Ng5 57. Nc3 Ne6 58. Kd3 Ng5 59. Ne2 Ba3 60.
f4 1-0

[Event "IX Gyorgy Marx WGM"]
[Site "Paks HUN"]
[Date "2011.06.18"]
[Round "2"]
[White "Rudolf, Anna"]
[Black "Mkrtchian, Lilit"]
[Result "1/2-1/2"]
[WhiteElo "2355"]
[BlackElo "2468"]
[PlyCount "119"]
[EventDate "2011.06.17"]

1. e4 c6 2. d4 d5 3. Nc3 dxe4 4. Nxe4 Bf5 5. Ng3 Bg6 6. Nh3 e6 7. Nf4 Bd6 8.
Nxg6 hxg6 9. Ne4 Be7 10. g3 Nf6 11. Bg2 Nxe4 12. Bxe4 Bg5 13. Bxg5 Qxg5 14. Qd2
Qe7 15. O-O-O Nd7 16. Qa5 Rh5 17. Qc7 Nb6 18. Qxe7+ Kxe7 19. h4 Rd8 20. Rhe1
Nd5 21. f4 Kf6 22. c4 Nb6 23. b3 Rd7 24. a4 Nc8 25. d5 cxd5 26. cxd5 Rc7+ 27.
Kb2 Rh8 28. dxe6 fxe6 29. Bf3 Re8 30. Rd2 Ne7 31. g4 Nc8 32. g5+ Kf7 33. h5 Ne7
34. hxg6+ Nxg6 35. Bh5 Rh8 36. Rh2 Ke7 37. Re4 Nf8 38. Rh3 b6 39. Bg4 Rxh3 40.
Bxh3 Kd6 41. Bf1 a5 42. Bc4 Re7 43. Rd4+ Kc5 44. Kc3 Rf7 45. Re4 Kd6 46. Kd3
Rf5 47. Kd4 Rxf4 48. Rxf4 e5+ 49. Ke4 exf4 50. Kxf4 Ng6+ 51. Kf5 Ne7+ 52. Kf4
Ng6+ 53. Ke4 Ne7 54. Bf7 Nc6 55. Bd5 Ne7 56. Bb7 Ng6 57. Kf5 Ne7+ 58. Kf4 Ng6+
59. Kf5 Ne7+ 60. Kf4 1/2-1/2

[Event "IX Gyorgy Marx WGM"]
[Site "Paks HUN"]
[Date "2011.06.19"]
[Round "3"]
[White "Kashlinskaya, Alina"]
[Black "Rudolf, Anna"]
[Result "1-0"]
[WhiteElo "2360"]
[BlackElo "2355"]
[PlyCount "83"]
[EventDate "2011.06.17"]

1. d4 e6 2. c4 Nf6 3. Nc3 Bb4 4. e3 O-O 5. Bd3 d5 6. Nf3 b6 7. O-O Bb7 8. a3
Bd6 9. b4 dxc4 10. Bxc4 a5 11. b5 Nbd7 12. Bb2 Qe7 13. Re1 Rad8 14. e4 e5 15.
h3 g6 16. Qd2 exd4 17. Nd5 Bxd5 18. exd5 Ne5 19. Nxe5 Bxe5 20. Qg5 Qc5 21. Qxe5
Qxc4 22. Qxf6 Qxd5 23. Rad1 Rd6 24. Qxd4 Qxd4 25. Rxd4 Rxd4 26. Bxd4 f6 27. Re7
Rf7 28. Rxf7 Kxf7 29. Kf1 Ke6 30. Ke2 Kd5 31. Bxf6 Kc4 32. Bd8 Kb3 33. Bxc7
Kxa3 34. Bxb6 Kb4 35. Bd4 Kxb5 36. Kd3 a4 37. f4 a3 38. g4 Kc6 39. f5 gxf5 40.
gxf5 Kd5 41. f6 Ke6 42. Ke4 1-0

[Event "IX Gyorgy Marx WGM"]
[Site "Paks HUN"]
[Date "2011.06.19"]
[Round "3"]
[White "Dudas, Eszter"]
[Black "Madl, Ildiko"]
[Result "1-0"]
[WhiteElo "2194"]
[BlackElo "2405"]
[PlyCount "115"]
[EventDate "2011.06.17"]

1. e4 c5 2. Nf3 g6 3. c3 d5 4. exd5 Qxd5 5. d4 Bg7 6. Be3 cxd4 7. cxd4 Nf6 8.
Nc3 Qd8 9. Bc4 O-O 10. O-O Nbd7 11. Qd2 Nb6 12. Bb3 Bf5 13. Bh6 Rc8 14. Bxg7
Kxg7 15. Rfe1 a6 16. Qe3 Rc7 17. h3 Qd6 18. Rad1 Rd8 19. Qe5 Rf8 20. Qe3 h6 21.
Qe5 Re8 22. Qxd6 exd6 23. Rxe8 Nxe8 24. Re1 Nf6 25. Nd2 Kf8 26. Re3 d5 27. g4
Be6 28. Kg2 Nc4 29. Bxc4 dxc4 30. Nde4 Nd5 31. Nxd5 Bxd5 32. Kg3 Bxe4 33. Rxe4
b5 34. Kf3 Re7 35. Ke3 f5 36. gxf5 gxf5 37. Re5 Kf7 38. f4 Re6 39. Kd2 Kf6 40.
Kc3 Rd6 41. d5 a5 42. Kd4 a4 43. a3 Rd8 44. Kc5 Rc8+ 45. Kxb5 c3 46. bxc3 Rxc3
47. Kxa4 Rxh3 48. Kb5 h5 49. d6 Rd3 50. Kc6 Rc3+ 51. Kb7 Rd3 52. Kc7 Rc3+ 53.
Kd8 Rxa3 54. d7 h4 55. Ke8 Ra8+ 56. d8=Q+ Rxd8+ 57. Kxd8 h3 58. Re3 1-0

[Event "IX Gyorgy Marx WGM"]
[Site "Paks HUN"]
[Date "2011.06.20"]
[Round "4"]
[White "Kashlinskaya, Alina"]
[Black "Sharevich, Anna"]
[Result "1/2-1/2"]
[WhiteElo "2360"]
[BlackElo "2378"]
[PlyCount "106"]
[EventDate "2011.06.17"]

1. d4 d5 2. c4 e6 3. Nc3 Be7 4. Nf3 Nf6 5. g3 dxc4 6. Bg2 O-O 7. Ne5 c5 8. dxc5
Qxd1+ 9. Nxd1 Bxc5 10. Ne3 Bb4+ 11. Bd2 Bxd2+ 12. Kxd2 Rd8+ 13. Kc2 Nd5 14.
Rad1 Nxe3+ 15. fxe3 Rf8 16. Rhf1 f6 17. Rd6 Na6 18. Rxa6 bxa6 19. Bxa8 fxe5 20.
Rxf8+ Kxf8 21. Kc3 a5 22. Be4 h6 23. Kxc4 Ba6+ 24. Kb3 Bxe2 25. Ka4 Ke7 26.
Kxa5 Kd6 27. b4 Bc4 28. a4 Bd5 29. Bd3 Bb7 30. Kb5 g5 31. a5 Kd5 32. Ka4 e4 33.
Be2 e5 34. Kb3 Bc8 35. Bc4+ Kd6 36. Bf7 Ba6 37. Bc4 Bc8 38. Ka4 Bd7+ 39. Bb5
Be6 40. Be8 Bc4 41. Bg6 Bd3 42. Kb3 a6 43. Bf7 Bb5 44. Bc4 Kc6 45. Bf7 Kd6 46.
Bg6 Kd5 47. Kc3 Ba4 48. h4 Bb5 49. Bf7+ Kd6 50. Bb3 Bc6 51. Bc2 Kd5 52. Bb3+
Kd6 53. Bc4 Bb5 1/2-1/2

[Event "IX Gyorgy Marx WGM"]
[Site "Paks HUN"]
[Date "2011.06.20"]
[Round "4"]
[White "Dudas, Eszter"]
[Black "Mkrtchian, Lilit"]
[Result "0-1"]
[WhiteElo "2194"]
[BlackElo "2468"]
[PlyCount "61"]
[EventDate "2011.06.17"]

1. e4 e6 2. d4 d5 3. Nd2 Be7 4. Bd3 c5 5. dxc5 Nf6 6. Qe2 O-O 7. Ngf3 Nfd7 8.
b4 a5 9. c3 axb4 10. cxb4 Nc6 11. b5 Nce5 12. Bc2 Bf6 13. Nxe5 Bxe5 14. Rb1
Nxc5 15. Qh5 Rxa2 16. Qxe5 Rxc2 17. O-O Nd3 18. Qd4 Nxc1 19. Rfxc1 e5 20. Qb4
Rxc1+ 21. Rxc1 Be6 22. b6 Qg5 23. Rc7 Bh3 24. g3 dxe4 25. Nf1 Qg4 26. Ne3 Qe2
27. Rc2 Qf3 28. Qe7 Ra8 29. Qxe5 h6 30. Qd4 Ra3 31. Qc4 0-1

[Event "IX Gyorgy Marx WGM"]
[Site "Paks HUN"]
[Date "2011.06.20"]
[Round "4"]
[White "Madl, Ildiko"]
[Black "Rudolf, Anna"]
[Result "1/2-1/2"]
[WhiteElo "2405"]
[BlackElo "2355"]
[PlyCount "65"]
[EventDate "2011.06.17"]

1. e4 e6 2. d4 d5 3. Nc3 Nf6 4. Bg5 Be7 5. e5 Nfd7 6. Bxe7 Qxe7 7. f4 O-O 8.
Nf3 c5 9. dxc5 Nc6 10. Qd2 Qxc5 11. O-O-O Rb8 12. Nd4 a6 13. Nce2 Nb6 14. Nb3
Qe7 15. Ned4 f6 16. exf6 Qxf6 17. g3 Nc4 18. Qc3 Nxd4 19. Qxd4 b5 20. Bd3 Rf7
21. Rhe1 Rc7 22. Qxf6 gxf6 23. Nd4 Rb6 24. b3 Na5 25. Re3 Nb7 26. Rde1 Nc5 27.
Kb2 b4 28. g4 a5 29. Bb5 Ne4 30. Bd3 Nc5 31. Bb5 Ne4 32. Bd3 Nc5 33. Bb5
1/2-1/2

[Event "IX Gyorgy Marx WGM"]
[Site "Paks HUN"]
[Date "2011.06.21"]
[Round "5"]
[White "Sharevich, Anna"]
[Black "Madl, Ildiko"]
[Result "1/2-1/2"]
[WhiteElo "2378"]
[BlackElo "2405"]
[PlyCount "71"]
[EventDate "2011.06.17"]

1. d4 d5 2. c4 dxc4 3. Nf3 c5 4. e3 cxd4 5. exd4 Be6 6. Nc3 Nf6 7. Bg5 Nd5 8.
Qa4+ Qd7 9. Qxd7+ Nxd7 10. Bxc4 N7b6 11. Bb5+ Bd7 12. Bxd7+ Kxd7 13. Ne5+ Ke8
14. Nxd5 Nxd5 15. Bd2 e6 16. Nd3 Bd6 17. Ke2 Ke7 18. Rhc1 h5 19. h4 Rac8 20. b4
Rxc1 21. Rxc1 f6 22. a4 b6 23. g3 Kd7 24. b5 Rc8 25. Rxc8 Kxc8 26. Kd1 Kd7 27.
Kc2 Be7 28. Kb3 Kc7 29. f4 Bd6 30. Kc4 Ne7 31. Be1 Nf5 32. Bf2 Kd7 33. Nc1 Bc7
34. Ne2 Bd8 35. d5 Nd6+ 36. Kd4 1/2-1/2

[Event "IX Gyorgy Marx WGM"]
[Site "Paks HUN"]
[Date "2011.06.21"]
[Round "5"]
[White "Rudolf, Anna"]
[Black "Dudas, Eszter"]
[Result "1/2-1/2"]
[WhiteElo "2355"]
[BlackElo "2194"]
[PlyCount "120"]
[EventDate "2011.06.17"]

1. e4 e6 2. d4 d5 3. Nd2 Nf6 4. e5 Nfd7 5. Bd3 c5 6. c3 b6 7. Nh3 Ba6 8. Bxa6
Nxa6 9. Qg4 cxd4 10. cxd4 Nb4 11. O-O h5 12. Qf4 Rc8 13. Ng5 Qe7 14. Ndf3 g6
15. Bd2 Nd3 16. Qe3 Nxb2 17. Qf4 a5 18. h4 Bh6 19. Rab1 Nc4 20. Bc1 O-O 21. Re1
Rc6 22. Qg3 Bg7 23. Nh3 Rb8 24. Re2 b5 25. Bg5 Qf8 26. Qf4 b4 27. g4 hxg4 28.
Qxg4 f6 29. exf6 Nxf6 30. Qg2 Ne4 31. Rbe1 Qf7 32. Bf4 Rf8 33. Rxe4 dxe4 34.
Nfg5 Qf5 35. Nxe4 Rb6 36. Nc5 Rf7 37. Qa8+ Rf8 38. Qg2 Rd8 39. Be3 Bxd4 40.
Bxd4 Rxd4 41. Qa8+ Qf8 42. Qxf8+ Kxf8 43. Ng5 Kg8 44. Ncxe6 Rxh4 45. f4 Rg4+
46. Kf2 Rxg5 47. fxg5 a4 48. Nc5 Rb5 49. Nxa4 Ra5 50. Re4 Rxa4 51. Rxc4 Rxa2+
52. Ke3 Ra5 53. Rxb4 Rxg5 54. Rb7 Rf5 55. Ke4 Rf1 56. Ke3 Rf7 57. Rxf7 Kxf7 58.
Kf4 Kf6 59. Kg4 g5 60. Kg3 Ke5 1/2-1/2

[Event "IX Gyorgy Marx WGM"]
[Site "Paks HUN"]
[Date "2011.06.21"]
[Round "5"]
[White "Mkrtchian, Lilit"]
[Black "Kashlinskaya, Alina"]
[Result "0-1"]
[WhiteElo "2468"]
[BlackElo "2360"]
[PlyCount "70"]
[EventDate "2011.06.17"]

1. d4 Nf6 2. Bg5 e6 3. e4 h6 4. Bxf6 Qxf6 5. Nc3 Bb4 6. Qd2 d5 7. e5 Qd8 8. a3
Be7 9. Nf3 c5 10. dxc5 Bxc5 11. b4 Bb6 12. Ne2 O-O 13. Nf4 a5 14. b5 Qc7 15.
Be2 Nd7 16. Nd3 f6 17. exf6 Nxf6 18. O-O Ne4 19. Qc1 Bd7 20. a4 Rac8 21. Bd1
Be8 22. Nfe1 Bg6 23. Ra3 Qd6 24. Nf3 Bh5 25. Ra1 Rc3 26. Nfe1 Bg6 27. Bf3 Bh7
28. Qd1 Bc7 29. g3 Bb6 30. Kg2 Ng5 31. Bg4 e5 32. Qd2 Rc4 33. f4 Be4+ 34. Nf3
Nxf3 35. Bxf3 Bxf3+ 0-1

[Event "IX Gyorgy Marx WGM"]
[Site "Paks HUN"]
[Date "2011.06.23"]
[Round "6"]
[White "Sharevich, Anna"]
[Black "Rudolf, Anna"]
[Result "1/2-1/2"]
[WhiteElo "2378"]
[BlackElo "2355"]
[PlyCount "111"]
[EventDate "2011.06.17"]

1. d4 e6 2. c4 Nf6 3. g3 d5 4. Bg2 Be7 5. Nf3 O-O 6. O-O dxc4 7. Qc2 a6 8. a4
Bd7 9. Qxc4 Bc6 10. Bg5 h6 11. Bxf6 Bxf6 12. Nc3 Bxf3 13. Bxf3 c6 14. Rfd1 a5
15. Qb3 Na6 16. Rd2 Nb4 17. Rad1 Qb6 18. h4 Rad8 19. Qc4 Nd5 20. Ne4 Be7 21.
Nc5 Rfe8 22. e4 Nb4 23. Bg4 Qc7 24. Nb3 Qb6 25. Kg2 Qa6 26. Qc3 Qb6 27. Nc5 Qc7
28. Qc4 Bd6 29. Nd3 Nxd3 30. Rxd3 Qb6 31. Qc2 e5 32. d5 Bc5 33. Rb3 Bb4 34. d6
g6 35. h5 Kg7 36. d7 Rf8 37. hxg6 fxg6 38. Rdd3 Rf6 39. Rf3 Rxf3 40. Rxf3 Rf8
41. Rxf8 Bxf8 42. Qc3 Bd6 43. f4 Kf6 44. Qc4 Kg7 45. Qc3 Kf6 46. b3 h5 47. Bh3
Bc7 48. fxe5+ Bxe5 49. Qc4 Kg7 50. Qe6 Bf6 51. e5 Bg5 52. Qd6 h4 53. Qd3 Be7
54. e6 hxg3 55. Qxg3 Qd4 56. Qf3 1/2-1/2

[Event "IX Gyorgy Marx WGM"]
[Site "Paks HUN"]
[Date "2011.06.23"]
[Round "6"]
[White "Dudas, Eszter"]
[Black "Kashlinskaya, Alina"]
[Result "0-1"]
[WhiteElo "2194"]
[BlackElo "2360"]
[PlyCount "104"]
[EventDate "2011.06.17"]

1. e4 e5 2. Nf3 Nc6 3. Bb5 a6 4. Ba4 Nf6 5. O-O Be7 6. Re1 b5 7. Bb3 d6 8. c3
O-O 9. h3 Nb8 10. d4 Nbd7 11. Nbd2 Bb7 12. Bc2 Re8 13. a4 Bf8 14. Bd3 c6 15. b3
g6 16. Bb2 Rc8 17. Qc2 Nh5 18. Bf1 Nf4 19. Rad1 Qb6 20. c4 Bg7 21. dxe5 dxe5
22. b4 c5 23. Nb3 bxa4 24. Nxc5 Nxc5 25. bxc5 Qb3 26. Qxb3 axb3 27. Nd2 Bc6 28.
Ra1 Ne6 29. Nxb3 Rb8 30. Na5 Rxb2 31. Nxc6 Nxc5 32. f3 Re6 33. Na5 Bh6 34. Rab1
Reb6 35. Rxb2 Rxb2 36. Nc6 Bd2 37. Rd1 f6 38. Be2 Kf7 39. Kf1 Ke8 40. g3 Kd7
41. Nb4 Rxb4 42. Rxd2+ Kc6 43. Ke1 a5 44. Rd8 a4 45. Ra8 Rb1+ 46. Bd1 Kb7 47.
Ra5 Kb6 48. Ra8 Na6 49. Kd2 a3 50. c5+ Kb7 51. Rd8 a2 52. Rd7+ Kc8 0-1

[Event "IX Gyorgy Marx WGM"]
[Site "Paks HUN"]
[Date "2011.06.24"]
[Round "7"]
[White "Dudas, Eszter"]
[Black "Sharevich, Anna"]
[Result "1-0"]
[WhiteElo "2194"]
[BlackElo "2378"]
[PlyCount "117"]
[EventDate "2011.06.17"]

1. e4 c5 2. Nf3 e6 3. c4 Nc6 4. Nc3 Nd4 5. Nxd4 cxd4 6. Nb5 e5 7. Be2 a6 8. Na3
Ne7 9. O-O Ng6 10. d3 Be7 11. Bh5 Bg5 12. Bxg6 hxg6 13. f4 Bxf4 14. Bxf4 exf4
15. Rxf4 Qg5 16. Qf3 Qe5 17. Qg3 d6 18. Rh4 O-O 19. Rf4 g5 20. Rff1 Be6 21. Nc2
b5 22. b3 Rab8 23. cxb5 Rbc8 24. Rac1 axb5 25. Qf2 Rc3 26. Nxd4 Rxd3 27. Nc6
Qf4 28. Qxf4 gxf4 29. Rxf4 g5 30. Rf3 Rxf3 31. gxf3 Ra8 32. Rc2 Kg7 33. Nd4 Kf6
34. Nxb5 Ke5 35. Rd2 Kf4 36. Nxd6 Kxf3 37. Rf2+ Ke3 38. Kg2 g4 39. Kg3 Rh8 40.
Rc2 Rd8 41. Nb7 Rh8 42. Nc5 Rh3+ 43. Kg2 Kf4 44. Nxe6+ fxe6 45. b4 Kxe4 46. b5
Rh8 47. b6 Rb8 48. Rb2 Kd5 49. Kg3 Kc6 50. Kxg4 Kb7 51. Kf4 Rh8 52. Ke5 Rh6 53.
Kd6 Rg6 54. a4 Rh6 55. a5 e5+ 56. Kd5 Rh8 57. a6+ Kxa6 58. b7 Rb8 59. Ke4 1-0

[Event "IX Gyorgy Marx WGM"]
[Site "Paks HUN"]
[Date "2011.06.24"]
[Round "7"]
[White "Kashlinskaya, Alina"]
[Black "Madl, Ildiko"]
[Result "1/2-1/2"]
[WhiteElo "2360"]
[BlackElo "2405"]
[PlyCount "66"]
[EventDate "2011.06.17"]

1. d4 d5 2. c4 dxc4 3. Nf3 c5 4. d5 e6 5. Nc3 exd5 6. Qxd5 Qxd5 7. Nxd5 Bd6 8.
Nd2 Nc6 9. Nxc4 Bb8 10. e4 Nd4 11. Bd3 Ne7 12. O-O Nxd5 13. exd5 O-O 14. Be3
Rd8 15. Rfe1 Bd7 16. Rad1 b5 17. Na5 Be5 18. Bxd4 Bxd4 19. Nc6 Re8 20. Bxb5
Bxb2 21. d6 Rxe1+ 22. Rxe1 Kf8 23. Re7 Bxc6 24. Bxc6 Rd8 25. Re2 Bf6 26. Kf1
Rb8 27. Re1 g6 28. Rc1 Rb2 29. Rd1 Rb6 30. Ba4 Rb4 31. Bc6 Rb6 32. Ba4 Rb4 33.
Bc6 Rb6 1/2-1/2

[Event "IX Gyorgy Marx WGM"]
[Site "Paks HUN"]
[Date "2011.06.24"]
[Round "7"]
[White "Mkrtchian, Lilit"]
[Black "Rudolf, Anna"]
[Result "1/2-1/2"]
[WhiteElo "2468"]
[BlackElo "2355"]
[PlyCount "109"]
[EventDate "2011.06.17"]

1. d4 e6 2. c4 Nf6 3. Nc3 Bb4 4. e3 O-O 5. Nge2 d5 6. a3 Be7 7. cxd5 exd5 8. b4
a5 9. b5 c6 10. Ng3 Re8 11. Na4 Nbd7 12. bxc6 bxc6 13. Rb1 Qc7 14. Bd3 Ba6 15.
Bxa6 Rxa6 16. Qd3 Ra7 17. O-O Rb8 18. Bd2 Rab7 19. Rbc1 Rb3 20. Rc3 Qb7 21.
Rxb3 Qxb3 22. Qxb3 Rxb3 23. Ra1 Bd8 24. Be1 g6 25. Nf1 Ne4 26. Nd2 Nxd2 27.
Bxd2 Kf8 28. Kf1 Ke7 29. Ke2 Kd6 30. Kd1 h5 31. Kc2 Rb5 32. h3 Be7 33. Nb2 Bd8
34. a4 Rb7 35. Nd3 Bb6 36. Rb1 Rb8 37. Bc3 Rc8 38. Kd2 Re8 39. Kc2 Rc8 40. Kd2
Re8 41. Rb3 h4 42. Bb2 g5 43. f3 f5 44. Ba3+ Kc7 45. Bb2 Rg8 46. Bc3 Re8 47.
Rb1 Kc8 48. Rc1 Bc7 49. Re1 Bb6 50. Re2 Re6 51. Re1 Re8 52. Re2 Kb7 53. Re1 Kc8
54. Re2 Re6 55. Re1 1/2-1/2

[Event "IX Gyorgy Marx WGM"]
[Site "Paks HUN"]
[Date "2011.06.25"]
[Round "8"]
[White "Sharevich, Anna"]
[Black "Mkrtchian, Lilit"]
[Result "0-1"]
[WhiteElo "2378"]
[BlackElo "2468"]
[PlyCount "82"]
[EventDate "2011.06.17"]

1. d4 Nf6 2. c4 e6 3. g3 c5 4. d5 exd5 5. cxd5 b5 6. e4 Nxe4 7. Qe2 Qe7 8. Bg2
Nd6 9. Be3 Na6 10. Nc3 b4 11. Nb5 Nxb5 12. d6 Nxd6 13. Bxa8 Nc7 14. Bg2 Ba6 15.
Qc2 Nc4 16. O-O-O Nxe3 17. fxe3 Qxe3+ 18. Kb1 Be7 19. Nf3 Qe2 20. Rd2 Qc4 21.
Qd1 Bc8 22. Ne5 Qb5 23. Bf1 Qb7 24. Bg2 Qb5 25. Re1 Ne6 26. Bf1 Qb7 27. Bc4 Bf6
28. Bd5 Qc7 29. Ng4 Bg5 30. Rf2 O-O 31. h4 Be7 32. Ne5 Bd6 33. Rfe2 Bxe5 34.
Rxe5 d6 35. R5e4 Nd4 36. g4 Be6 37. Bxe6 fxe6 38. Rf1 Rxf1 39. Qxf1 e5 40. Qe1
Qf7 41. h5 Qf3 0-1

[Event "IX Gyorgy Marx WGM"]
[Site "Paks HUN"]
[Date "2011.06.25"]
[Round "8"]
[White "Madl, Ildiko"]
[Black "Dudas, Eszter"]
[Result "1-0"]
[WhiteElo "2405"]
[BlackElo "2194"]
[PlyCount "57"]
[EventDate "2011.06.17"]

1. e4 e6 2. d4 d5 3. Nc3 Bb4 4. e5 b6 5. Bd2 Ne7 6. a3 Bxc3 7. Bxc3 Ba6 8. Bxa6
Nxa6 9. Qd3 Nb8 10. Nf3 Nd7 11. b4 Qc8 12. O-O Nf5 13. Bd2 O-O 14. g4 Ne7 15.
Ng5 Ng6 16. f4 h6 17. Nxe6 Ngxe5 18. fxe5 fxe6 19. Bxh6 gxh6 20. Qg6+ Kh8 21.
Qxh6+ Kg8 22. Qxe6+ Kh8 23. Qh6+ Kg8 24. Qg6+ Kh8 25. e6 Rxf1+ 26. Rxf1 Nf8 27.
Qh5+ Nh7 28. Qe5+ Kg8 29. Rf7 1-0

[Event "IX Gyorgy Marx WGM"]
[Site "Paks HUN"]
[Date "2011.06.26"]
[Round "9"]
[White "Madl, Ildiko"]
[Black "Sharevich, Anna"]
[Result "1-0"]
[WhiteElo "2405"]
[BlackElo "2378"]
[PlyCount "139"]
[EventDate "2011.06.17"]

1. e4 c5 2. Nf3 e6 3. d4 cxd4 4. Nxd4 a6 5. Bd3 Bc5 6. Nb3 Ba7 7. Qe2 d6 8. Be3
Nc6 9. O-O e5 10. Bxa7 Rxa7 11. c4 Nf6 12. Nc3 Be6 13. Rad1 O-O 14. Qe3 b6 15.
Be2 Qb8 16. Rd2 Rd8 17. Rfd1 a5 18. Nb5 Rad7 19. Na1 Na7 20. Nc3 Rb7 21. Nc2
Nc6 22. Nb5 Ne8 23. h3 Rbd7 24. Kh2 h6 25. g3 Na7 26. Nc3 Rb7 27. Na3 Qc8 28.
Bf1 Qc5 29. Qxc5 bxc5 30. Nab5 Nc8 31. b3 Rbd7 32. f4 f6 33. f5 Bf7 34. Na4 Nc7
35. Nxc5 Nxb5 36. Nxd7 Nd4 37. Rxd4 exd4 38. Nb8 Ne7 39. Na6 Nc6 40. Nc7 Kf8
41. Nb5 Ke7 42. Nxd4 Nxd4 43. Rxd4 Rb8 44. Be2 a4 45. Bd1 a3 46. Kg2 Rb4 47.
Kf2 Kd7 48. Ke3 Kc6 49. Kd3 Kc5 50. g4 Rb8 51. Kc3 Rb7 52. Rd2 Rb8 53. h4 Rb7
54. Rg2 Be8 55. g5 hxg5 56. hxg5 Re7 57. b4+ Kb6 58. Bc2 Bc6 59. Kd4 Be8 60.
Rg3 Ra7 61. Bd1 Bf7 62. gxf6 gxf6 63. Rg7 Rc7 64. Bb3 Kb7 65. Rh7 Bg8 66. Rxc7+
Kxc7 67. Kc3 Kc6 68. Bc2 Bf7 69. Kb3 Kb6 70. Bd3 1-0

[Event "IX Gyorgy Marx WGM"]
[Site "Paks HUN"]
[Date "2011.06.26"]
[Round "9"]
[White "Dudas, Eszter"]
[Black "Rudolf, Anna"]
[Result "1-0"]
[WhiteElo "2194"]
[BlackElo "2355"]
[PlyCount "113"]
[EventDate "2011.06.17"]

1. e4 c6 2. c4 d5 3. exd5 cxd5 4. cxd5 Nf6 5. Nc3 Nxd5 6. Nf3 Nc6 7. Bc4 e6 8.
O-O Be7 9. d4 O-O 10. Re1 b6 11. a3 Bb7 12. Nxd5 exd5 13. Bd3 Bf6 14. Bf4 g6
15. Bc2 Rc8 16. Rc1 Na5 17. b3 Re8 18. Ne5 Be7 19. b4 Nc4 20. Qf3 Bf6 21. Qg3
Nxe5 22. dxe5 Bg7 23. h4 Qd7 24. h5 Qe6 25. h6 Bh8 26. Ba4 Rxc1 27. Rxc1 Rc8
28. Rxc8+ Qxc8 29. Qg5 f6 30. exf6 Kf7 31. Be5 Qf5 32. Qe3 Qe6 33. Qf4 Bxf6 34.
Bxf6 Qxf6 35. Qc7+ Qe7 36. Qxe7+ Kxe7 37. g4 Bc8 38. Bd1 d4 39. f4 Kd6 40. Kf2
Be6 41. Kf3 Bd5+ 42. Ke2 Bc4+ 43. Kd2 Ke6 44. Bc2 Kf6 45. Be4 g5 46. Bxh7 gxf4
47. Be4 Kf7 48. g5 Kf8 49. g6 Kg8 50. Ke1 a5 51. bxa5 bxa5 52. Kf2 d3 53. Ke1
a4 54. Kd2 Ba2 55. Bxd3 Bd5 56. Bb5 f3 57. Ke3 1-0

[Event "IX Gyorgy Marx WGM"]
[Site "Paks HUN"]
[Date "2011.06.26"]
[Round "9"]
[White "Kashlinskaya, Alina"]
[Black "Mkrtchian, Lilit"]
[Result "1/2-1/2"]
[WhiteElo "2360"]
[BlackElo "2468"]
[PlyCount "100"]
[EventDate "2011.06.17"]

1. d4 Nf6 2. c4 e6 3. Nc3 Bb4 4. e3 O-O 5. Bd3 c5 6. Nf3 b6 7. O-O Bb7 8. Na4
cxd4 9. exd4 Re8 10. Bg5 h6 11. Bh4 Be7 12. Re1 d6 13. b4 Nbd7 14. Rc1 a5 15.
c5 Bxf3 16. Qxf3 axb4 17. Bb5 bxc5 18. dxc5 Nxc5 19. Nxc5 dxc5 20. Bxf6 Bxf6
21. Bxe8 Qxe8 22. Rxc5 Rxa2 23. Qb7 Ra8 24. Rec1 Bc3 25. g3 Rb8 26. Qa6 Qd7 27.
Qc4 Rd8 28. Rc7 Qd2 29. Rf1 Qd6 30. Rc1 Qd2 31. Rf1 Qd6 32. Rc1 Qe5 33. Rc8
Rxc8 34. Qxc8+ Kh7 35. Qc4 Qf5 36. Rd1 e5 37. Qd5 g6 38. Qd7 Kg7 39. Rd5 Qxd7
40. Rxd7 b3 41. Rb7 b2 42. Kf1 Kf6 43. Ke2 Bd4 44. f3 h5 45. Kd3 Ke6 46. Kc2 f5
47. Rg7 Kf6 48. Rd7 Ke6 49. Rg7 Kf6 50. Rd7 Ke6 1/2-1/2

[Event "IX Gyorgy Marx WGM"]
[Site "Paks HUN"]
[Date "2011.06.27"]
[Round "10"]
[White "Sharevich, Anna"]
[Black "Kashlinskaya, Alina"]
[Result "0-1"]
[WhiteElo "2378"]
[BlackElo "2360"]
[PlyCount "66"]
[EventDate "2011.06.17"]

1. d4 Nf6 2. c4 g6 3. Nc3 Bg7 4. e4 d6 5. Bg5 h6 6. Be3 Ng4 7. Bc1 e5 8. d5 f5
9. exf5 gxf5 10. Be2 Nf6 11. Bh5+ Nxh5 12. Qxh5+ Kf8 13. Bd2 Na6 14. Nge2 Qe8
15. Ng3 Bd7 16. Qxe8+ Rxe8 17. Nh5 f4 18. Nxg7 Kxg7 19. Nb5 Kf6 20. a4 Nc5 21.
b4 Nd3+ 22. Ke2 Nb2 23. Nxc7 Rc8 24. Nb5 Nxc4 25. Nxa7 Ra8 26. Nb5 Rhg8 27. Nc3
Rxg2 28. Ne4+ Ke7 29. Kf3 Rag8 30. Bc3 Bf5 31. Ng3 Bh3 32. Ne4 R2g6 33. Ke2 Bg2
0-1